000 00268nam a2200097Ia 4500
008 240331s9999 xx 000 0 und d
082 _bWOM
100 _aLAtin America. ed
245 0 _aWomen of the world :
_blaws and polices affecting their reproductive lives
942 _cL
999 _c5415
_d5415